Регионална библиотека "Любен Каравелов" - Русе

Главни балнеологични курорти (Запис номер 136351)

MARC детайли
000 -Лидер
Контролно поле с фиксирана дължина 02307nam a2200397 c 4500
003 - Код на организацията, давaща контролен номер
Контролно поле BLK
005 - Дата и час на последна редакция
Контролно поле 20200522094638.0
008 - Елементи от данни с фиксирана дължина
fixed length control field 180409b bul|||||r ||||||| ||bul||
010 ## - Наследен системен номер
LC control number KNG00142292000
040 ## - Източник на каталожния запис
Идентификатор на билиотеката - собственик на записа BLK
041 ## - Код за език
Код за езика на текст/звукозапис или на отделно заглавие Български
Код за езика КДБФ Български
080 ## - УДК
Текстов определител УДК Физикални средства. Лечение с природни средства
УДК код - определител по УДК 615.83
УДК - код + определител 615.83
100 1# - Редна дума - Автор
Автор Едрева, Веселина Владова
Авторска отговорност първи автор
R(LIN) 292434
139 ## - Редно поле
Редна дума Едрева, Веселина Владова и др.
Авторски знак Едр - Е 34
245 10 - Сведения за заглавието
Заглавие Главни балнеологични курорти
Подзаглавни данни Справочник
Редно поле (дума) Веселина Владова Едрева; под ред. на Димитър Костадинов; под ред. на Димо Иванов Караколев; * Цветан Стоянов Илиев; * Лилия Вл. Владева; * Георги Загорски.
257 ## - Страна на издаване
Страна на създаване/издаване България
260 ## - Област на издателските данни
Име на издателя, разпространителя и проч. Медицина и физкултура
Година на издаване 1983
Място на издаване, разпространение и проч. София
300 ## - Физическа характеристика
Страници 219 с.
Илюстрации и др. с ил., табл., диагр.
Размери/Мащаб 22 см
380 ## - Жанр
Жанр Медицина
500 ## - Общи забележки
Забележка Други авт. : Цв. Илиев, Д. Караколев, Д. Костадинов, Д. Кръстева, Л. Владева, Г. Загорски, отбелязани на с. 5 ; Пълното име на авт. и ред. Димитър Костадинов е Димитър Костадинов Георгиев. - Библиогр. с. 216 и след някои материали. - 1 305 тир.
650 #4 - Допълнително описание по предмет – тема
Основно описание – тема или топоним Балнеотерапия - България
9 (RLIN) 246845
650 #4 - Допълнително описание по предмет – тема
Основно описание – тема или топоним Курорти, български - справочници
9 (RLIN) 246844
653 ## - Ключова дума – ненормативна
Ключова дума курорти
653 ## - Ключова дума – ненормативна
Ключова дума балнеотерапия
653 ## - Ключова дума – ненормативна
Ключова дума справочници
653 #7 - Ключова дума – ненормативна
Ключова дума минерални бани
9 (RLIN) 191053
653 #0 - Ключова дума – ненормативна
Ключова дума калолечение
9 (RLIN) 411780
653 #0 - Ключова дума – ненормативна
Ключова дума поморийска луга
9 (RLIN) 411782
700 1# - Други автори (авторска отговорност)
Лично име Костадинов, Димитър
Автороска отговорност (Описва отношението между автора и произведението) под ред. на
Друга информация Георгиев, Димитър Костадинов
9 (RLIN) 365184
700 1# - Други автори (авторска отговорност)
Лично име Караколев, Димо Иванов
Автороска отговорност (Описва отношението между автора и произведението) под ред. на
9 (RLIN) 378897
700 1# - Други автори (авторска отговорност)
Лично име Илиев, Цветан Стоянов
Автороска отговорност (Описва отношението между автора и произведението) *
9 (RLIN) 325290
700 1# - Други автори (авторска отговорност)
Лично име Владева, Лилия Вл.
Автороска отговорност (Описва отношението между автора и произведението) *
9 (RLIN) 378898
700 1# - Други автори (авторска отговорност)
Лично име Загорски, Георги
Автороска отговорност (Описва отношението между автора и произведението) *
9 (RLIN) 325291
852 ## - Местоположение
Форматна сигнатура Цб 123065
856 4# - Електронен адрес и достъп
Електронен формат pdf - файл
856 4# - Електронен адрес и достъп
Електронен формат pdf - файл
999 ## - СИСТЕМНИ КОНТРОЛНИ НОМЕРА
Koha biblionumber 136351
Koha biblioitemnumber 136351
942 ## - АРТИКУЛИ
Вид на библиотечния материал Книги
Скрит в OPAC Не
Периодичен библиозапис Да
944 ## - СЪЗДАВАНЕ И РЕДАКЦИЯ на ЗАПИСА
Създаване/Редакция Създаване
Дата на регистрацията/редакция 26.09.2016
Служител, извършил регистрацията/редакцията Кина_Георгиева
944 ## - СЪЗДАВАНЕ И РЕДАКЦИЯ на ЗАПИСА
Създаване/Редакция Редакция
Дата на регистрацията/редакция 26.09.2016
Служител, извършил регистрацията/редакцията Кина_Георгиева
999 ## - СИСТЕМНИ КОНТРОЛНИ НОМЕРА
Koha biblioitemnumber 136351
Наличности
Код за отписване Код за изгубен артикул Източник на класификационната схема Код за повреда Коз за рестрикции Код за отдаване Артикулен № Име на библиотеката - собственик Име на библиотеката, в която се намира в момента Статус (Текущо местоположение) Дата на вписване в системата Местоположение - отдел Цена в лева Инвентарен номер Систематично азбучна сигнатура Баркод Номер на екземпляра Цена в евро Служебна бележка Служебен тип на артикула
  Не е изгубен Universal Decimal Classification Не е повреден без рестрикции ползва се в читалня 222829 Регионална библиотека "Любен Каравелов" Русе Регионална библиотека "Любен Каравелов" Русе Хранилище 1983-01-01 Хранилище 2.57 384284 Цб 123065 900000011178 1 1.31 N: стар фонд Дата: 01.01.1983 Книги
Изтеглен Не е изгубен Universal Decimal Classification Не е повреден без рестрикции заемане за дома 222830 Регионална библиотека "Любен Каравелов" Русе Регионална библиотека "Любен Каравелов" Русе Заемна - подръчен фонд 1983-01-01 Заемна - подръчен фонд 2.57 385575 П 615.83/Г 52 385575 2 1.31 N: стар фонд Дата: 01.01.1983 Книги
Vip Innovations Ltd, Rousse, Bulgaria 2025